| 000 | 00901nam a2200229Ia 4500 | ||
|---|---|---|---|
| 001 | L203-2358 | ||
| 003 | IT-CnALBA | ||
| 008 | 170116s9999||||xx |||||||||||||| ||und|| | ||
| 040 |
_aIT-CnALBA _cIT-CnALBA |
||
| 041 | _aITALIANO | ||
| 100 | _aBONSIRVEN GIUSEPPE | ||
| 245 | 0 | _aDIZIONARIO BIBLICO. | |
| 250 | _a1a ed. | ||
| 260 |
_aCINISELLO BALSAMO (MI) _bEDIZIONI PAOLINE _c1961 [1° Ed.:1961 - Ed.Ling.Originale: 1961] |
||
| 300 | _a206 p. (prefazione: 9) | ||
| 500 | _aTRADUZIONE DAL FRANCESE DI CASTOLDI GIOVANNI. PREFAZIONE. ABBREVIAZIONI DEI LIBRI DELLA BIBBIA. | ||
| 501 | _aSocietà San Paolo EM - Piazza San Paolo, 14 - 12051 ALBA (CN) (non commercial uses only) ® Copyright 2017 | ||
| 520 | _aTRADUZIONE DAL FRANCESE DI CASTOLDI GIOVANNI. PREFAZIONE. ABBREVIAZIONI DEI LIBRI DELLA BIBBIA. | ||
| 650 | _aDIZIONARI ED ENCICLOPEDIE CATTOLICI | ||
| 942 | _cBK | ||
| 957 | _71 | ||
| 999 |
_a3334 _bNO _g Copie: 1 _c261542 _d261542 |
||